Los melindres de belisa y el villano en su rincon /

Guardado en:
Autor Principal: Vega Carpio Lope, Felix De
Formato: Libro
Publicado: Argentina : Espasa Calpe, 1954
Materias:
Etiquetas: Agregar Etiqueta
Sin Etiquetas, Sea el primero en etiquetar este registro!
LEADER 00604nam a22001935a 4500
001 CEM.cems006489
005 20060214000000.0
008 130507s1954##################000#0#####d
003 CEMS
082 0 4 |a 862.3 
100 1 |a Vega Carpio Lope, Felix De 
245 1 0 |a Los melindres de belisa y el villano en su rincon / 
260 |a Argentina :  |b Espasa Calpe,  |c 1954 
300 |a 227 p. 
653 |a Literatura 
653 |a Teatro 
653 |a Teatro español-siglo de oro 
859 |a CEMS  |b BIB. CEMS - 11 de abril  |h 862.3  |i V522-6  |p 4063.75  |t Ej.1 
859 |a CEMS  |b BIB. CEMS - 11 de abril  |h 862.3  |i V522-6  |p 4454.75  |t Ej.2